Кн. 2; Свойства элементов

Detaylı Bibliyografya
Parent link:Свойства элементов: Справочник/ М. Е. Дриц [и др.]; под ред. М. Е. Дриц. Кн. 2.— 2-е изд., перераб. и доп..— , 1997
Dil:Rusça
Baskı/Yayın Bilgisi: 1997
Konular:
Materyal Türü: Kitap
KOHA link:https://koha.lib.tpu.ru/cgi-bin/koha/opac-detail.pl?biblionumber=14334

MARC

LEADER 00000nam0a2200000 4500
001 14334
005 20231101204938.0
010 |a 5229008059 
010 |a 5-229-00803-2 
035 |a (RuTPU)RU\TPU\book\14427 
035 |a BOOK00000017 
090 |a 14334 
100 |a 20011209d1997 k y0rusy50 ca 
101 0 |a rus 
102 |a RU 
105 |a y g 000zy 
200 0 |a Кн. 2 
210 |d 1997 
215 |a 448 с. 
461 |t Свойства элементов  |o Справочник  |o В 2-х кн.  |v Кн. 2  |f М. Е. Дриц [и др.]  |g под ред. М. Е. Дриц  |e 2-е изд., перераб. и доп.  |d 1997 
606 1 |a Химические элементы  |2 stltpush  |3 (RuTPU)RU\TPU\subj\17311  |9 43020 
610 1 |a атомное строение 
610 1 |a физические свойства 
610 1 |a химические свойства 
610 1 |a механические свойства 
610 1 |a технологические свойства 
610 1 |a история открытий 
610 1 |a распространенность 
610 1 |a производство 
610 1 |a техническое использование 
610 1 |a справочники 
675 |a 546-123(035)  |v 3 
801 0 |a RU  |b 63413507  |c 20011209  |g PSBO 
801 2 |a RU  |b 63413507  |c 20151123  |g PSBO 
942 |c BK